[Event "S. A. Group BAN-chT 2018"]
[Site "Dhaka"]
[Date "2018.12.16"]
[Round "11"]
[White "Rahman, Ziaur"]
[Black "Abu Sufian, Shakil"]
[Result "1-0"]
[WhiteElo "2468"]
[BlackElo "2230"]
[Annotator "TA"]
[PlyCount "71"]
[EventDate "2018.12.07"]
[EventType "team-tourn"]
[EventCountry "BAN"]
[SourceTitle "playchess.com"]
[Source "ChessBase"]
[SourceQuality "1"]

{[%evp 19,71,0,0,0,78,85,79,86,83,87,80,80,93,87,86,86,79,83,81,70,106,83,77,76,85,81,82,79,129,116,451,109,120,97,112,96,212,93,154,166,170,160,162,64,70,63,58,49,71,0,473,105,29996,29997]} 1. Nf3 d5 2. g3 Nf6 3. Bg2 e6 4. O-O Be7 5. c4 O-O 6. b3 b6 7. Bb2 Bb7 8. e3 c5 9. Nc3 Qc8 {A14: English Opening: 1...e6 with b3 by White} 10. Rc1 Rd8 {LiveBook: 6 Games} 11. Qe2 (11. cxd5 Nxd5 12. Nxd5 Bxd5 13. d4 a5 14. dxc5 bxc5 15. Nh4 Bxg2 16. Qg4 Bf8 17. Nxg2 {½-½ (64) Artemiev,V (2706)-Kramnik,V (2779) Douglas 2018}) 11... d4 $146 (11... Nc6 $11 {keeps the balance.}) ({Predecessor:} 11... Nc6 12. d3 d4 13. exd4 cxd4 14. Nb5 Bc5 15. a3 a5 16. Rfe1 Qd7 17. Rcd1 {½-½ (46) Dordzhieva,D (2305)-Ivanova,K (2148) Moscow 2018}) 12. exd4 $16 cxd4 {[#]} 13. Nd5 $1 {[%cal Rd5e7][%mdl 512]} exd5 (13... Bxd5 14. cxd5) 14. Qxe7 {Threatens to win with Ne5.} Nc6 15. Qa3 dxc4 16. Rxc4 {Hoping for Ne5!} b5 17. Rcc1 Qd7 18. Qc5 a6 19. Rfe1 {Nh4 is the strong threat.} Nd5 20. Ne5 Nxe5 21. Rxe5 f6 22. Ree1 d3 23. Qd4 Qf5 24. Rc5 Rac8 $2 {[%mdl 8192]} (24... Qh5 $16 {is a better chance.} 25. Qxd3 Qf7) 25. Rxc8 $2 (25. g4 $1 $18 {[%cal Rg4f5] and the rest is easy.} Qd7 26. Bxd5+ Bxd5 27. Rxd5 $1 {[%mdl 512]} Qxd5 28. Re8+ $1 {[%mdl 512]} Kf7 29. Qxd5+ {[%mdl 64] Overworked Piece} Rxd5 30. Rxc8) 25... Qxc8 26. Rc1 Qb8 27. Qg4 Kh8 (27... Qd6 $16 {was necessary.}) 28. Qh4 (28. Qh5 $1 $18 Nb6 29. Bh3) 28... h6 ({Black should try} 28... Rd6) 29. Qh5 $1 Qd6 30. Re1 $1 {[%cal Re1e8]} Bc6 31. Qf7 $40 {[%mdl 128] Black needs to defend precisely.} ({White has to play} 31. Qf5 $1 $18 {Intending Be4 and mate.} Nc7 32. Ba3) 31... Qb4 $1 $14 {[%cal Rb4d2]} 32. Bc1 $1 Qc5 33. h4 Qc2 {[#]} 34. Kh2 ({Better is} 34. h5 $1 $16) 34... Qxa2 $2 {[%mdl 8192] [#]} (34... Nb4 $11 {and Black stays safe.}) 35. Qg6 $2 (35. Be4 $1 $18 {is the precise move to win. aiming for Qg6.} Ne3 36. Qc7) 35... Kg8 $2 {[%mdl 8192]} (35... Nf4 $16 36. gxf4 Bxg2) 36. Bxd5+ {Accuracy: White = 45%, Black = 41%.} 1-0

[Event "S. A. Group BAN-chT 2018"]
[Site "Dhaka"]
[Date "2018.12.16"]
[Round "11"]
[White "Das, Arghyadip"]
[Black "Alam, Badrul"]
[Result "1-0"]
[WhiteElo "2430"]
[BlackElo "1858"]
[Annotator "TA"]
[PlyCount "87"]
[EventDate "2018.12.07"]
[EventType "team-tourn"]
[EventCountry "BAN"]
[SourceTitle "playchess.com"]
[Source "ChessBase"]
[SourceQuality "1"]

{[%evp 14,87,59,27,81,81,76,64,79,75,100,66,133,85,88,82,91,95,104,117,104,60,61,40,98,70,78,53,53,53,63,56,118,119,98,106,106,94,99,80,79,90,86,81,258,260,245,245,245,248,260,245,306,289,395,395,395,389,387,387,395,395,395,387,384,384,383,383,1411,1277,1212,1129,1181,955,811,761]} 1. e4 e6 2. d4 d5 3. Nd2 dxe4 4. Nxe4 Nf6 5. Nxf6+ Qxf6 6. Nf3 h6 7. Bd3 Bd6 8. Qe2 {LiveBook: 10 Games} c6 {C10: French with 3 Nc3: Unusual Black 3rd moves and 3...dxe4} (8... Nc6 $11 {keeps the balance.}) (8... Nc6 9. c3 Bd7 10. O-O O-O-O 11. b4 Ne7 12. c4 Bc6 13. Ne5 Nf5 14. Nxc6 bxc6 15. Bxf5 Qxf5 16. Be3 Kd7 17. b5 cxb5 18. cxb5 {1-0 (35) Zontakh,A (2569)-Mankeyev,R (2388) St Petersburg 2006}) 9. Bd2 $16 Qe7 10. O-O Nd7 {White is slightly better.} 11. c4 $146 {[%cal Bc2c4,Bc4c5][%mdl 32]} Nf6 12. a3 Bd7 ({Black should play} 12... b6 $14) 13. b4 O-O 14. Rfe1 Rfe8 15. Bc2 a5 16. c5 Bc7 17. Qd3 axb4 18. axb4 Kf8 (18... Rxa1 $14 19. Rxa1 Rd8) 19. Rab1 Ra2 20. Rb3 Rea8 21. Bb1 Ra1 22. Bc3 R1a3 (22... R1a4 $14) 23. Rxa3 Rxa3 {[#]} 24. d5 $1 {[%cal Rd5d6][%mdl 512]} Rxc3 (24... cxd5 25. Bxf6) 25. Qxc3 {And now d6 would win.} Nxd5 26. Qd4 Qf6 27. Be4 Qxd4 28. Nxd4 f5 $2 {[#]} (28... Nxb4 $16 {was worth a try.} 29. Rb1 Na6) 29. Bxd5 $1 $18 exd5 30. Ne6+ Bxe6 31. Rxe6 {[%mdl 4096] Endgame KR-KB} Kf7 32. Re2 Kf6 33. Ra2 d4 34. Ra7 Ke6 35. Rxb7 Be5 36. Kf1 Kd5 37. Ke2 Kc4 38. h4 {[%cal Bh2h4,Bh4h5][%mdl 32]} d3+ 39. Kd1 Bc3 40. h5 Bxb4 $2 (40... Bd4 41. b5 Kxc5 42. bxc6 Kxc6) 41. Rxg7 {White is clearly winning.} Bxc5 42. Rg6 Kd5 43. Kd2 Be7 44. Kxd3 {Accuracy: White = 65%, Black = 34%.} 1-0

[Event "S. A. Group BAN-chT 2018"]
[Site "Dhaka"]
[Date "2018.12.16"]
[Round "11"]
[White "Sidhant, Mohapatra"]
[Black "Uddin, Saif"]
[Result "1-0"]
[WhiteElo "2343"]
[BlackElo "1997"]
[Annotator "NA"]
[PlyCount "45"]
[EventDate "2018.12.07"]
[EventType "team-tourn"]
[EventCountry "BAN"]
[SourceTitle "playchess.com"]
[Source "ChessBase"]
[SourceQuality "1"]
[TimeControl "5400+30"]

{[%evp 12,45,45,31,38,36,70,52,79,33,51,52,61,17,235,202,239,199,169,187,258,247,256,254,234,179,176,172,179,171,170,169,195,190,175,166]} 1. e4 {[%emt 0:00:00]} d6 {[%emt 0:00:00]} 2. d4 {[%emt 0:00:25]} Nf6 {[%emt 0:00:00]} 3. Nc3 {[%emt 0:00:04]} g6 {[%emt 0:00:00]} 4. Bg5 {[%emt 0:01:50]} Bg7 {[%emt 0:00:21]} 5. Qd2 {[%emt 0:00:26]} h6 {[%emt 0:00:31]} 6. Bf4 {[%emt 0:00:31]} c6 {[%emt 0:01:47]} 7. O-O-O {[%emt 0:02:04] LiveBook: 9 Games. B07: Pirc Defence: Miscellaneous Systems} (7. h3 Nfd7 8. Nf3 e5 9. Be3 Qe7 10. Rd1 a6 11. Be2 b5 12. a3 Bb7 13. O-O h5 14. Bg5 f6 {0-1 (54) Sjugirov,S (2665)-Onischuk,V (2613) Almaty 2016}) 7... Qa5 {[%emt 0:00:24]} 8. Kb1 {[%emt 0:04:54]} Be6 {[%emt 0:02:23] [#] ...Nxe4! is the strong threat.} 9. a3 $146 {[%emt 0:01:45] White is slightly better.} ({Predecessor:} 9. f3 Na6 10. Nge2 Rc8 11. Nc1 c5 {1-0 (41) Schweiger,G (2000)-Meingast,M (2056) Bayern 2007}) 9... g5 {[%emt 0:07:51]} 10. Bg3 {[%emt 0:01:10]} Nh5 $1 {[%emt 0:00:12]} 11. Nge2 {[%emt 0:02:12]} Na6 {[%emt 0:01:19]} 12. f4 {[%emt 0:03:17]} g4 $2 {[%emt 0:04:20] [#]} (12... Bg4 $11 {and Black is okay.}) 13. f5 {[%emt 0:00:52]} Bd7 {[%emt 0:03:42]} 14. Bf2 {[%emt 0:02:23]} d5 {[%emt 0:15:46]} 15. h3 {[%emt 0:03:28]} g3 {[%emt 0:08:48]} (15... dxe4 $142 16. hxg4 Nf6) 16. Nxg3 $18 {[%emt 0:02:12]} Nxg3 {[%emt 0:00:10]} 17. Bxg3 {[%emt 0:00:05]} dxe4 {[%emt 0:00:13]} 18. f6 {[%emt 0:00:33] White is clearly better.} ({Don't play} 18. Nxe4 $6 Qxd2 19. Rxd2 (19. Nxd2 Bxf5 20. Nb3 O-O-O $16) 19... Bxf5 $16) 18... Bxf6 {[%emt 0:05:34]} 19. Nxe4 {[%emt 0:00:14]} Qxd2 {[%emt 0:00:21]} 20. Nxf6+ {[%emt 0:00:05]} ({But not} 20. Nxd2 $6 Bxd4 21. Ne4 Bb6 $14) 20... exf6 {[%emt 0:00:13]} 21. Rxd2 {[%emt 0:00:02]} Be6 {[%emt 0:01:50]} 22. Bh4 {[%emt 0:00:15]} f5 {[%emt 0:01:02]} 23. Bd3 {[%emt 0:00:04] Accuracy: White = 39%, Black = 48%.} 1-0

[Event "S. A. Group BAN-chT 2018"]
[Site "Dhaka"]
[Date "2018.12.16"]
[Round "11"]
[White "Mohammad Minhaz Uddin"]
[Black "Kovalev, Vladislav"]
[Result "0-1"]
[WhiteElo "2290"]
[BlackElo "2683"]
[Annotator "TA"]
[PlyCount "56"]
[EventDate "2018.12.07"]
[EventType "team-tourn"]
[EventCountry "BAN"]
[SourceTitle "playchess.com"]
[Source "ChessBase"]
[SourceQuality "1"]

{[%evp 16,56,0,5,23,-9,-14,-14,-14,-14,-14,-15,-7,-22,-6,-69,-7,0,-25,-125,-66,-148,-154,-150,-141,-150,0,0,0,-545,-547,-529,-539,-533,-76,-540,-544,-539,-510,-647,-640,-29996,-29997]} 1. e4 e5 2. Nf3 Nc6 3. d4 exd4 4. Nxd4 Bc5 5. Nb3 Bb6 6. Nc3 Nf6 7. Bg5 {[%cal Bc1g5,Bg5h4,Bh4g3][%mdl 32]} h6 8. Bh4 O-O {C45: Scotch Game} (8... d6 9. f3 g5 10. Bg3 Qe7 11. Qd2 Bd7 12. h4 Rg8 13. O-O-O O-O-O 14. hxg5 hxg5 15. Rh6 Be6 16. Bb5 Bxb3 17. axb3 {1-0 (41) Navara,D (2726)-Malakhov,V (2691) Antalya 2017}) 9. Bd3 {LiveBook: 8 Games} d6 10. Nd5 g5 {The position is equal.} 11. Nxb6 axb6 12. Bg3 Re8 13. f3 Nh5 $146 ({Predecessor:} 13... d5 14. O-O dxe4 15. fxe4 Bg4 16. Qd2 Nxe4 17. Bxe4 Rxe4 18. Qxd8+ Nxd8 19. Bxc7 {½-½ (29) Meszaros,T-Zentai,G Paks 1995}) 14. O-O Qf6 15. f4 (15. c3 $11) 15... Nxf4 (15... Nxg3 $15 16. hxg3 Qxb2) 16. Bxf4 $11 gxf4 17. Qd2 (17. Qc1 $11 {remains equal.}) 17... Be6 (17... Qxb2 $17 18. Qxf4 Qg7) 18. Rxf4 (18. Qxf4 $15 Qxb2 19. Qxh6) 18... Qxb2 $17 19. Raf1 {intending Rf6.} Rxa2 (19... Qxa2 20. R4f3 $16) 20. Rf6 Bxb3 (20... Kf8 $1 $17 21. Qxh6+ Ke7) 21. Qxh6 $11 {White threatens Rg6+! and mate.} Ne5 {Threatens to win with ...Be6.} 22. R1f5 $2 {[%mdl 8192]} (22. Qg5+ $11 {and White stays safe.} Kf8 23. Bb5) 22... Ra1+ $19 23. Bf1 Qd4+ {[%mdl 64] Double Attack} 24. Kh1 {[#] White wants to mate with Rg5+.} Rxf1+ $1 25. Rxf1 {[#]} Bc4 $1 26. Qg5+ Kf8 27. Rh6 {[%cal Rh6h8]} Ng4 28. Rg6 {[%csl Gg5][%cal Rg6g8]} Nf2+ {[%mdl 64] Double Attack. Accuracy: White = 40%, Black = 48%.} 0-1

[Event "S. A. Group BAN-chT 2018"]
[Site "Dhaka"]
[Date "2018.12.16"]
[Round "11"]
[White "Islam, Kh. Aminul"]
[Black "Mollah Abdullah, Al Rakib"]
[Result "1-0"]
[WhiteElo "2253"]
[BlackElo "2477"]
[Annotator "TA"]
[PlyCount "45"]
[EventDate "2018.12.07"]
[EventType "team-tourn"]
[EventCountry "BAN"]
[SourceTitle "playchess.com"]
[Source "ChessBase"]
[SourceQuality "1"]

{[%evp 27,45,35,53,0,116,14,29,16,113,98,178,165,173,183,182,171,235,240,311,309]} 1. e4 e5 2. Nf3 Nc6 3. Bb5 a6 4. Ba4 Nf6 {[%cal Bg8f6,Bf6d7,Bd7c5][%mdl 32]} 5. O-O Be7 6. Bxc6 dxc6 7. d3 Nd7 8. Nbd2 O-O 9. Nc4 f6 10. Nh4 Nc5 11. Nf5 Bxf5 12. exf5 Qd5 13. Qg4 Rfe8 14. Re1 {[#] C85: Closed Ruy Lopez: Deferred Exchange Variation} e4 $1 {[%mdl 512] [#] LiveBook: 3 Games} 15. b4 $146 ({White should play} 15. Ne3 $1 $14 Qd4 16. f3) (15. dxe4 Qxc4) ({Predecessor:} 15. Ne3 Qe5 16. Nf1 Bf8 17. Ng3 Rad8 18. h4 Qd4 19. dxe4 Qc4 20. Be3 Nxe4 21. b3 Qxc2 {1-0 (38) Ivanchuk,V (2717)-Kramnik,V (2809) Monte Carlo 2002}) 15... exd3 (15... Nd7 $11 {remains equal.}) 16. Bh6 (16. bxc5 $16 {Hoping for cxd3.} h5 17. Qxh5 Qxc4 18. cxd3) 16... Bf8 $11 {And now ...Re4 would win.} 17. bxc5 {Black must now prevent cxd3.} dxc2 (17... Rxe1+ $1 $11 18. Rxe1 dxc2) 18. Ne3 $1 $16 {[%cal Re3d5]} Qd3 (18... Qe4 $16) 19. g3 $18 Re4 20. Bf4 Bxc5 {[#]} 21. Qe2 $1 {[%cal Re2d3]} Qc3 {[#]} (21... Qxe2 $142 22. Rxe2 Bd6) 22. Rac1 $1 Bxe3 23. Bxe3 {Accuracy: White = 65%, Black = 16%.} 1-0

[Event "S. A. Group BAN-chT 2018"]
[Site "Dhaka"]
[Date "2018.12.16"]
[Round "11"]
[White "Saiful Islam, Chowdhury"]
[Black "Sai Agni Jeevitesh, J."]
[Result "0-1"]
[WhiteElo "2120"]
[BlackElo "2336"]
[Annotator "NA"]
[PlyCount "110"]
[EventDate "2018.12.07"]
[EventType "team-tourn"]
[EventCountry "BAN"]
[SourceTitle "playchess.com"]
[Source "ChessBase"]
[SourceQuality "1"]
[TimeControl "5400+30"]

1. e4 {[%emt 0:02:27]} d6 {[%emt 0:00:00]} 2. d4 {[%emt 0:00:05]} Nf6 {[%emt 0:00:00]} 3. Nc3 {[%emt 0:00:06]} Nbd7 {[%emt 0:00:00]} 4. Nge2 {[%emt 0:01:58]} e5 {[%emt 0:00:00]} 5. f3 {[%emt 0:00:12]} c6 {[%emt 0:00:03]} 6. Be3 {[%emt 0:02:08]} Be7 {[%emt 0:00:18]} 7. Qd2 {[%emt 0:00:14] LiveBook: 68 Games} O-O {[%emt 0:01:31]} 8. g4 {[%emt 0:00:10]} b5 {[%emt 0:00:12] B07: Pirc Defence: Miscellaneous Systems} 9. Ng3 {[%emt 0:02:40]} (9. g5 Ne8 10. f4 b4 11. Nd1 exf4 12. Bxf4 d5 13. exd5 cxd5 {1-0 (55) Ponkratov,P (2624)-Goganov,A (2609) Khanty-Mansiysk 2014}) 9... exd4 {[%emt 0:01:18]} 10. Bxd4 {[%emt 0:00:17]} b4 {[%emt 0:00:17]} 11. Nd1 {[%emt 0:00:46]} c5 {[%emt 0:00:27]} 12. Be3 {[%emt 0:02:34]} Ne5 {[%emt 0:03:19]} 13. Be2 {[%emt 0:00:23]} Be6 {[%emt 0:00:13]} 14. g5 {[%emt 0:03:39]} Ne8 $146 {[%emt 0:02:07]} ({Predecessor:} 14... Nfd7 15. Nf2 Nb6 16. b3 {1-0 (35) Reddmann,H (2319)-Moehrmann,M (2091) Hamburg 2005}) 15. f4 {[%emt 0:01:14]} Nc4 {[%emt 0:01:10]} 16. Bxc4 {[%emt 0:00:13]} Bxc4 {[%emt 0:00:02]} 17. Nf2 {[%emt 0:01:43]} Nc7 {[%emt 0:01:00]} 18. f5 {[%emt 0:04:59]} Re8 {[%emt 0:08:12] [#]} 19. Ng4 $1 {[%emt 0:07:52]} Bf8 {[%emt 0:03:43]} 20. Kf2 {[%emt 0:06:06]} (20. Qg2 $16) 20... d5 {[%emt 0:03:01]} 21. e5 {[%emt 0:04:56]} (21. Bf4 $11) 21... d4 {[%emt 0:02:12]} 22. Bf4 {[%emt 0:00:07]} Nd5 {[%emt 0:05:48]} (22... d3 $5 {[%cal Rd8d4]} 23. b3 Bb5 24. cxd3 Qd7 $15) 23. Rhe1 {[%emt 0:00:32]} d3 {[%emt 0:07:01] [#]} (23... Ba6 $15 {keeps the upper hand.}) 24. b3 {[%emt 0:08:48]} (24. e6 $1 $16) 24... Bb5 {[%emt 0:02:29]} ({But not} 24... Nxf4 $6 25. Qxf4 Bb5 26. cxd3 $14 Qd4+ 27. Qxd4 $16) 25. cxd3 {[%emt 0:01:10]} Bxd3 {[%emt 0:03:15]} 26. h4 {[%emt 0:12:33]} (26. Qxd3 $11 {remains equal.} Nxf4 27. Qxd8 Raxd8 28. Kf3) 26... Qb6 {[%emt 0:04:37]} 27. Kg2 {[%emt 0:06:39]} Rad8 {[%emt 0:00:40]} 28. Nf2 {[%emt 0:03:23]} Ba6 {[%emt 0:05:08]} 29. Nge4 {[%emt 0:04:26]} Ne7 {[%emt 0:01:03]} 30. Qe3 {[%emt 0:03:38]} Nxf5 {[%emt 0:01:24] Double Attack} 31. Qh3 {[%emt 0:00:10]} Nd4 {[%emt 0:01:20]} 32. Kh2 {[%emt 0:02:11]} Bc8 {[%emt 0:04:13]} 33. Qg3 {[%emt 0:02:53]} Qg6 {[%emt 0:01:58]} 34. Rac1 $11 {[%emt 0:01:28] and White is okay.} Nf5 {[%emt 0:01:44]} (34... Qh5 35. Kh1) 35. Qg4 {[%emt 0:00:41]} Nd4 $2 {[%emt 0:02:39]} (35... Qa6 $19 36. Qe2 Qxe2 37. Rxe2 Nxh4 38. Nxc5 Ng6) 36. h5 $2 {[%emt 0:02:49]} Bxg4 {[%emt 0:07:17]} 37. hxg6 {[%emt 0:00:08]} Bh5 {[%emt 0:01:33]} ({And not} 37... hxg6 38. Nxg4 Nf3+ {[%mdl 64] Double Attack} 39. Kg2 $11) 38. gxf7+ {[%emt 0:01:57]} Kxf7 {[%emt 0:00:51]} 39. Rf1 {[%emt 0:05:04]} Kg6 {[%emt 0:03:35]} 40. Bg3 {[%emt 0:01:29]} Be2 {[%emt 0:01:48]} 41. Nh3 {[%emt 0:00:42]} Bxf1 {[%emt 0:01:03]} 42. Rxf1 {[%emt 0:00:45]} Ne6 {[%emt 0:00:02]} 43. Nd6 {[%emt 0:01:04]} Bxd6 {[%emt 0:00:34]} 44. exd6 {[%emt 0:00:06]} Rf8 {[%emt 0:01:18]} 45. Re1 {[%emt 0:00:16]} Nxg5 {[%emt 0:22:05]} 46. Nxg5 {[%emt 0:00:25]} Kxg5 {[%emt 0:00:00]} 47. Re7 {[%emt 0:00:10]} Kg6 {[%emt 0:00:00]} 48. Rxa7 {[%emt 0:00:40]} Rf5 {[%emt 0:00:00]} 49. Rc7 {[%emt 0:00:33]} Rd5 {[%emt 0:00:00]} 50. Kg2 {[%emt 0:00:28]} h5 {[%emt 0:00:00]} 51. Kf3 {[%emt 0:00:11]} Rd3+ {[%emt 0:00:00]} 52. Kg2 {[%emt 0:00:28]} Rd5 {[%emt 0:00:00]} 53. Kf3 {[%emt 0:00:12]} Rf8+ {[%emt 0:00:00]} 54. Ke3 {[%emt 0:00:50]} Re8+ {[%emt 0:00:00]} 55. Kf2 {[%emt 0:00:19]} Rd2+ $19 {[%emt 0:00:00]} 0-1

[Event "S. A. Group BAN-chT 2018"]
[Site "Dhaka"]
[Date "2018.12.16"]
[Round "11"]
[White "Uten"]
[Black "Ikramul, Haq Siam"]
[Result "0-1"]
[WhiteElo "2114"]
[BlackElo "2116"]
[Annotator "NA"]
[PlyCount "86"]
[EventDate "2018.12.07"]
[EventType "team-tourn"]
[EventCountry "BAN"]
[SourceTitle "playchess.com"]
[Source "ChessBase"]
[SourceQuality "1"]
[TimeControl "5400+30"]

{[%evp 14,76,41,30,32,32767,32767,32767,32767,32767,-18,10,0,-29,0,-76,-44,-60,5,-74,-78,-77,-73,-144,-36,-81,-39,-25,0,0,-15,0,0,-149,-156,-162,32767,32767,32767,-156,32767,32767,32767,32767,32767,32767,-170,-230,-225,-570,-587,-523,-757,-734,-826,-339,-834,-1119,-1292,-1872,-6407,-2722,-5085,-29981,-29980]} 1. e4 {[%emt 1:30:30]} e6 {[%emt 1:30:30]} 2. d4 {[%emt 0:00:30]} d5 {[%emt 0:00:30]} 3. Nd2 {[%emt 0:00:30]} Nf6 {[%emt 0:00:30]} 4. e5 {[%emt 0:00:30]} Nfd7 5. Bd3 {[%emt 0:00:30]} c5 {[%emt 0:01:00]} 6. c3 {[%emt 0:00:30]} Nc6 {[%emt 0:00:30]} 7. Ne2 {[%emt 0:00:30]} cxd4 {[%emt 0:00:30]} 8. cxd4 {[%emt 0:00:30] LiveBook: 5052 Games} f6 9. f4 {[%emt 0:00:30]} fxe5 {[%emt 0:01:00]} 10. dxe5 {[%emt 0:00:30]} Qb6 {[%emt 0:00:30] C06: French Tarrasch: 3...Nf6 4 e5 Nfd7 5 Bd3 main lines} (10... Nc5 11. Bb1 Bd7 12. O-O Qb6 13. Kh1 Be7 14. Nc3 O-O-O 15. a3 a5 16. b4 axb4 17. axb4 Nxb4 18. Nf3 {1-0 (28) Khairullin,I (2451)-Iljushin,A (2526) Moscow 2004}) 11. Nf3 {[%emt 0:00:30]} Bb4+ {[%emt 0:00:30]} 12. Kf1 {[%emt 0:00:30]} Be7 {[%emt 0:00:30]} 13. h4 $146 {[%emt 0:00:30]} ({Predecessor:} 13. a3 Nc5 14. b4 Nxd3 15. Qxd3 O-O 16. Be3 Qd8 17. h4 {½-½ (56) Chlewinski,A (1704)-Cymbala,I (1910) Lublin 2012}) 13... Nc5 {[%emt 0:00:30]} 14. Nc3 {[%emt 0:00:30]} (14. Be3 $11 {remains equal.}) 14... Nxd3 {[%emt 0:00:30]} 15. Qxd3 {[%emt 0:00:30]} Nb4 {[%emt 0:00:30]} (15... O-O $17 16. a3 (16. Ng5 g6 $17) 16... Qa6 17. Qxa6 bxa6) 16. Qb5+ {[%emt 0:00:30]} (16. Qe2 $1 $11 {remains equal.}) 16... Bd7 {[%emt 0:00:30]} 17. Qxb6 {[%emt 0:00:30]} axb6 {[%emt 0:00:30]} 18. Ke2 {[%emt 0:00:30]} (18. a3 $142) 18... O-O {[%emt 0:00:30]} ({Black should play} 18... Nc2 $17 19. Rb1 d4) 19. a3 {[%emt 0:00:30]} Rfc8 {[%emt 0:00:30]} 20. Bd2 {[%emt 0:00:30]} Na6 {[%emt 0:00:30]} 21. b4 {[%emt 0:00:30]} Rc4 {[%emt 0:00:30]} 22. Kd3 {[%emt 0:00:30]} Rac8 {[%emt 0:00:30]} 23. Nd4 {[%emt 0:00:30] [#]} (23. h5 $11) 23... Bxb4 $1 {[%emt 0:00:30]} 24. axb4 {[%emt 0:00:30]} Nxb4+ {[%emt 0:00:30]} 25. Ke3 {[%emt 0:00:30]} Rxd4 {[%emt 0:00:30]} 26. Kxd4 {[%emt 0:00:30]} Rc4+ 27. Ke3 {[%emt 0:00:30]} d4+ 28. Ke2 {[%emt 0:00:30]} dxc3 {[%emt 0:01:30]} 29. Be3 {[%emt 0:00:30]} Re4 {[%emt 0:00:30]} 30. Rhd1 {[%emt 0:00:30]} (30. Ra8+ $17 {was necessary.} Kf7 31. Rd8 Bb5+ 32. Kf3) 30... Nd5 {[%emt 0:00:30] Double Attack} 31. Rxd5 $2 {[%emt 0:00:30]} (31. Kf2 {was the crucial defense.}) 31... exd5 {[%emt 0:00:30]} 32. Kf3 {[%emt 0:00:30] [#]} Bg4+ $1 {[%emt 0:00:30]} 33. Kxg4 {[%emt 0:00:30]} Rxe3 {[%emt 0:00:30]} 34. Ra8+ {[%emt 0:00:30]} Kf7 {[%emt 0:00:30]} 35. Rb8 {[%emt 0:00:30] [#]} h5+ $1 {[%emt 0:00:30]} 36. Kg5 {[%emt 0:00:30]} Rg3+ {[%emt 0:00:30]} 37. Kxh5 {[%emt 0:00:30]} c2 $19 {[%emt 0:00:30]} 38. Rxb7+ {[%emt 0:00:30]} Ke6 {[%emt 0:00:30]} 39. Rc7 {[%emt 0:00:30]} Rxg2 {[%emt 0:00:30]} 40. Rc6+ {[%emt 0:00:30]} Kf5 {[%emt 0:00:30]} 41. e6 {[%emt 0:00:30]} Rg6 {[%emt 0:00:30]} 42. e7 {[%emt 0:00:30]} Rxc6 {[%emt 0:00:30]} 43. e8=Q {[%emt 0:00:30]} Rh6# {[%emt 0:00:30]} 0-1

[Event "S. A. Group BAN-chT 2018"]
[Site "Dhaka"]
[Date "2018.12.16"]
[Round "11"]
[White "Hasan Md, Emam"]
[Black "Mehdi Hasan Parag"]
[Result "0-1"]
[WhiteElo "2076"]
[BlackElo "2218"]
[Annotator "TA"]
[PlyCount "92"]
[EventDate "2018.12.07"]
[EventType "team-tourn"]
[EventCountry "BAN"]
[SourceTitle "playchess.com"]
[Source "ChessBase"]
[SourceQuality "1"]

{[%evp 23,92,20,25,-15,-18,-63,-29,-39,-21,-53,-42,-53,-53,-73,-68,-114,-118,-120,-120,-168,-122,-172,-87,-87,-87,-87,-87,-94,-94,-94,-94,-94,-94,-216,-210,-208,-208,-295,-296,-297,-295,-258,-214,-205,-185,-232,-208,-264,-262,-246,-246,-247,0,-305,-261,-341,-317,-456,-436,-1289,-1302,-1140,-1227,-1594,-1356,-5639,-5518,-5169,-4766,-2393,-2186]} 1. e4 c6 2. d4 d5 3. Nc3 dxe4 4. Nxe4 Bf5 5. Ng3 Bg6 6. h4 h6 7. Nf3 e6 8. Ne5 Bh7 9. Bd3 Bxd3 10. Qxd3 Nd7 {B19: Classical Caro-Kann: 4...Bf5 main line} 11. f4 Bb4+ 12. c3 Be7 {LiveBook: 63 Games. The position is equal.} 13. Nxd7 $146 (13. O-O {is more complex.} Ngf6 14. Qe2 O-O 15. f5 Bd6 16. fxe6 fxe6 17. Nxd7 Qxd7 18. Bf4) ({Predecessor:} 13. Bd2 Ngf6 14. O-O-O c5 15. Be3 O-O 16. Ne4 cxd4 17. Nxd7 Qxd7 18. Bxd4 {½-½ (30) Wei,Y (2700)-Wang,H (2732) China 2016}) 13... Qxd7 14. Ne4 Nf6 15. Nxf6+ Bxf6 16. Be3 Qd5 17. Qe2 h5 18. a3 b5 19. O-O-O a5 20. Qc2 g6 21. Kb1 Rb8 22. Ka1 Qf5 (22... O-O $19 23. Kb1 b4 24. axb4 axb4) 23. Qxf5 $17 gxf5 24. g3 Kd7 25. b4 Ra8 26. Kb2 Ra6 27. Rhe1 Rha8 28. bxa5 (28. Ra1 $17 {was called for.}) 28... Rxa5 $19 29. Ra1 Be7 30. Kb3 (30. Kc2 $142) 30... Rxa3+ 31. Rxa3 Rxa3+ {[%mdl 4096] Endgame KRB-KRB} 32. Kb2 Ra4 33. Kb3 f6 34. Bf2 Kd6 35. Be3 Kd5 36. Bc1 Rc4 37. Bb2 Ra4 $2 {[#]} (37... Bd6 $19 {Hoping for ...e5.} 38. Rd1 Ra4) 38. Re2 $2 {[%mdl 8192]} (38. Bc1 $1 $11 {and White has nothing to worry.}) 38... Bd6 39. Kc2 Ra8 40. Kd3 (40. Re3 $142) 40... Ra2 {Black is clearly winning.} 41. Bc1 (41. Rc2 $142 e5 42. dxe5 fxe5 43. Rd2) 41... Rxe2 42. Kxe2 Ke4 43. Bd2 e5 44. dxe5 fxe5 45. fxe5 Bxe5 46. Be1 c5 {Accuracy: White = 27%, Black = 77%.} 0-1